Estudios monográficos III : Estudios sobre ecología humana. Conferencias celebradas en la sociedad antropológica de Washington /
Guardado en:
| Autor Principal: | |
|---|---|
| Formato: | Libro |
| Idioma: | Undetermined |
| Publicado: |
Washingtn d.c. :
Unión Panamericana.,
1958.
|
| Materias: | |
| Etiquetas: |
Agregar Etiqueta
Sin Etiquetas, Sea el primero en etiquetar este registro!
|
| LEADER | 00628nam a22001575a 4500 | ||
|---|---|---|---|
| 001 | EHU.bham048521 | ||
| 005 | 20111005112316.0 | ||
| 008 | 111005s1958####xx############000#0#und#d | ||
| 100 | 1 | |a Palerm, Angel [et.al.]. | |
| 245 | 0 | 0 | |a Estudios monográficos III : |b Estudios sobre ecología humana. Conferencias celebradas en la sociedad antropológica de Washington / |c Angel Palerm [et.al.]. |
| 260 | |a Washingtn d.c. : |b Unión Panamericana., |c 1958. | ||
| 300 | |a 137 p. | ||
| 653 | |a Ecología y cultura. | ||
| 653 | |a Cuenca amazónica y mesoamérica. | ||
| 653 | |a Asia. | ||
| 859 | |a AR-BHAM |b BIB. HUMANIDADES - Donacion Lejarraga |h MFN002740 |p 002740.19 | ||
